Current-activated, pressure-assisted densification of materials /

Kaydedildi:
Detaylı Bibliyografya
Yazar: Garay, J.E.
Materyal Türü: Makale
Dil:English
Konular:
Etiketler: Etiketle
Etiket eklenmemiş, İlk siz ekleyin!
Thư viện lưu trữ: Thư viện Trường Đại học Đà Lạt
LEADER 00915nam a2200301 4500
001 DLU110116913
005 ##20101221
040 # # |a DLU  |b eng 
041 # # |a eng 
044 # # |a us 
100 # # |a Garay, J.E.  
245 # # |a Current-activated, pressure-assisted densification of materials /  |c J.E. Garay. 
653 # # |a Electric-current effects  
653 # # |a Field-assisted sintering 
653 # # |a Nanocrystalline materials 
653 # # |a Powder densification 
653 # # |a Pulsed electric-current sintering 
653 # # |a Spark plasma sintering 
773 # # |t Annual Review of Materials Research  |g Vol. 40 (2010), p. 445-468 
920 # # |a  Phòng Tạp chí -- Trung tâm Thông tin - Thư viện Trường Đại học Đà Lạt 
994 # # |a DLU 
900 # # |a True 
911 # # |a Trương Bảo Trâm Anh 
925 # # |a G 
926 # # |a A 
927 # # |a BB 
980 # # |a Thư viện Trường Đại học Đà Lạt